Supercars !!! - Statistiques

Statistiques générales
  • Ce quiz a été pris 241 fois
  • Le résultat moyen est 14 sur 16
Statistiques - réponses
Par images Réponse % Correct
Ferrari
97%
Bugatti
96%
Lamborghini
96%
Audi
95%
Porsche
95%
Mercedes
94%
Mclaren
93%
Range Rover
91%
Aston Martin
88%
Pagani
83%
Alfa Romeo
82%
Rolls Royce
82%
Corvette
80%
Ford
76%
koenigsegg
72%
Volkswagen
72%
Aucun quiz correspondant
Distribution des résultats
% des personnes avec chaque résultat
Percentile par nombre de réponses
Votre historique - résultats
Vous n’avez pas pris ce quiz